| 000 | 00498nam a22001937a 4500 | ||
|---|---|---|---|
| 001 | 2827 | ||
| 003 | BD-DhBUF | ||
| 005 | 20251124162736.0 | ||
| 008 | 251124b bg ||||| |||| 00| 0 ben d | ||
| 020 | _a9780241969694 | ||
| 040 |
_aBD-DhBUF _cBD-DhBUF |
||
| 100 |
_aOrwell, George _94208 |
||
| 245 |
_aNineteen eighty-four / _cOrwell, George |
||
| 260 |
_aNew Zealand : _bPenguin Books, _c18cm . ; |
||
| 300 |
_avii, 325p. : _c18cm . ; |
||
| 526 | _aEnglish | ||
| 650 | _aEnglish | ||
| 942 |
_2ddc _cBK |
||
| 999 |
_c2827 _d2827 |
||